The archaeological survey of Nubia : Report for 1909-1910 /

محفوظ في:

المؤلف الرئيسي: Firth, Cecil Mallaby, 1878-1931 (مؤلف)

مؤلف مشترك: Egypt. Maṣlaḥat al-Misāḥah.

التنسيق: كتاب

اللغة: English

منشور في: Cairo : Government Press, 1915.

الموضوعات:

الوسوم: إضافة وسم

لا توجد وسوم, كن أول من يضع وسما على هذه التسجيلة!

رقم الطلب: ( F )DT135 .N8 E31 1909-10

LEADER 01253cam a2200349Mi 4500
001 ocm77597722
003 OSt
005 20240215112516.0
008 870115s1915 ua aef 000 0 eng d
999 |c 56812  |d 56812 
035 |a (OCoLC)77597722  |z (OCoLC)1229228700 
040 |c ARCE Library 
043 |a f-ua--- 
050 4 |a ( F )DT135 .N8 E31 1909-10 
100 1 |a Firth, Cecil Mallaby,  |d 1878-1931,  |e author 
245 1 4 |a The archaeological survey of Nubia :   |b Report for 1909-1910 /   |c by C. M. Firth. 
264 1 |a Cairo :  |b Government Press,  |c 1915. 
300 |a viii, 180 pages, 41 leaves of plates (some color):  |b illustrations, 5 plans (some folded) ;  |c 37 cm. 
336 |2 rdacontent  |a text  |b txt 
337 |2 rdamedia  |a unmediated  |b n 
338 |2 rdacarrier  |a volume  |b n 
500 |a At head of title: Ministry of Finance. Egypt Survey Department. 
541 |a SRRG copy three is from the personal library collection of Labib Habachi. 
650 4 |a Ceramics  |z Nubia. 
651 0 |a Aswan High Dam (Egypt) 
651 0 |a Nubia  |x Antiquities. 
651 0 |a Egypt  |x Antiquities. 
651 4 |a Nubia  |x Art and archaeology. 
651 4 |a Dakka, El (Nubia) 
710 2 |a Egypt.  |b Maṣlaḥat al-Misāḥah. 
901 |a reviewed 
942 |2 lcc  |c BK